=LDR 00000nam 2200000 4500 =001 INLIS000000000010969 =005 20130612102557 =008 ***********************************Ind** =035 ##$$0010-061300000010969 =041 ##$$a Ind =082 ##$$a 691 =090 ##$$a 691, Har-m =100 ##$$a Hartomo, Anton J =245 ##$$a Mengenal keramik canggih, ardus dan Biokramik, Anton J. Hartono =260 ##$$a 1992 $b Yogyakarta =300 ##$$a xvii, 200 hlm., ilus, 27 cm =650 ##$$a Bahan Bangunan =850 ##$$a NBPNMAT